Statystyki dla Sprzęt elektryczny w łazience.

Kliknij tutaj aby rozwiązać quiz!

Ogólne statystyki

  • Ten quiz został rozwiązany 51 razy
  • Średni wynik to 5 z 8

Statystyki odpowiedzi

Odpowiedź% Poprawnych
Suszarka
95%
Pralka
85%
Golarka
68%
Lokówka
68%
Prostownica
66%
Szczoteczka
66%
Depilator
34%
Suszarka do włosów
12%

Rozkład punktacji

Percentyl według liczby udzielonych odpowiedzi

Procent ludzi z każdym wynikiem

Twoja historia wyników

Nie rozwiązałeś tego quizu